| 000 | 00748cam a22002413a 4500 | ||
|---|---|---|---|
| 999 |
_c4111 _d4111 |
||
| 005 | 20180504051836.0 | ||
| 008 | 991101s1999||||xxu|||||s|||||000 1 eng d | ||
| 040 |
_cAPEC Schools Library _erda |
||
| 041 | _aeng | ||
| 100 | 1 |
_aThackeray, William Makepeace, _d1811-1863 |
|
| 245 | 1 | 0 |
_aCatherine : A Story / _cWilliam Makepeace Thackeray |
| 336 |
_2rdacontent _atext |
||
| 337 |
_2rdamedia _acomputer |
||
| 338 |
_2rdacarrier _aonline resource |
||
| 506 | _aPublic domain in the USA. | ||
| 516 | _aText | ||
| 653 | _aBiographical fiction | ||
| 653 | _aHayes, Catharine Hall, 1690-1726 -- Fiction | ||
| 653 | _aExecutions and executioners -- Fiction | ||
| 653 | _aWomen murderers -- Fiction | ||
| 655 | _aelectronic books | ||
| 856 | 4 | 0 | _uhttps://goo.gl/pe5YJZ |
| 942 |
_2ddc _cEBK |
||